Crisis y militarización en Centroamérica /

Gespeichert in:
Bibliographische Detailangaben
1. Verfasser: Roitman Rosenmann, Marcos
Weitere Verfasser: Benítez Manaut, Raúl Córdova Macías, Ricardo
Format: Text
Veröffentlicht: Madrid: Revolución
Tags: Tag hinzufügen
Keine Tags, Fügen Sie den ersten Tag hinzu!

MARC

LEADER 00000 a a2200000 04500
001 25478
003
040
020 |a 84-85781-67-8  
090 |a 152503  
100 |a Roitman Rosenmann, Marcos  
245 |a Crisis y militarización en Centroamérica /  |c Marcos Roitman Rosenmann 
260 |a Madrid:   |b Revolución  
300 |a 143 p   |b **no definido**   |b fonodiscos  
700 |a Benítez Manaut, Raúl   |a Córdova Macías, Ricardo  
999 |c 7566  |d 7566